[Event "Marianske Lazne op 14th"]
[Site "Marianske Lazne"]
[Date "2015.01.23"]
[Round "8"]
[White "Jiruse, Josef"]
[Black "Allory, Pierre Jean"]
[Result "1-0"]
[WhiteElo "2045"]
[BlackElo "1848"]
[PlyCount "79"]
[EventDate "2015.01.17"]
[EventType "swiss"]
[EventRounds "9"]
[EventCountry "CZE"]
[SourceTitle "CBM 164 Extra"]
[Source "ChessBase"]
[SourceDate "2015.03.02"]
[SourceVersion "1"]
[SourceVersionDate "2015.03.02"]
[SourceQuality "1"]

1. e4 e6 2. d3 d5 3. Nd2 Nf6 4. Ngf3 c5 5. g3 Nc6 6. Bg2 Be7 7. 0-0 0-0 8. Re1 b5 9. c3 Qb6 10. Nf1 Rd8 11. e5 Nd7 12. h4 Bb7 13. h5 h6 14. d4 cxd4 15. cxd4 Rdc8 16. Bf4 a5 17. Ne3 a4 18. Ng4 Bf8 19. Bf1 Nb4 20. Re2 Rc7 21. a3 Nc6 22. Rc2 Rac8 23. Rac1 Ba6 24. Qd2 Na5 25. Nxh6+ gxh6 26. Bxh6 Bxh6 27. Qxh6 Rxc2 28. Rxc2 Rxc2 29. Bd3 Rc1+ 30. Kg2 Nf8 31. Qf6 Nd7 32. Qg5+ Kf8 33. h6 f6 34. Qg7+ Ke8 35. h7 Kd8 36. h8Q+ Kc7 37. exf6 b4 38. Ne5 Qxd4 39. Qxd7+ Kb6 40. Qhd8+ 1-0